| 000 | 00422nam a2200181Ia 4500 | ||
|---|---|---|---|
| 005 | 20250423101445.0 | ||
| 008 | 250422s9999 xx 000 0 und d | ||
| 020 | _a0-19-565633-4 | ||
| 050 | _aJC 257 .A67/ | ||
| 100 | _aAppadorai, A. | ||
| 245 | 4 | _aThe substance of politics | |
| 250 | _a11th ed. | ||
| 260 | _aNew Delhi | ||
| 260 | _bOxford University Press | ||
| 260 | _c2004 | ||
| 300 | _a583 p | ||
| 942 | _cBK | ||
| 999 |
_c36354 _d36354 |
||